| 000 | 00343 a2200133 4500 | ||
|---|---|---|---|
| 005 | 20250505110859.0 | ||
| 020 | _a0-340-85954-7 | ||
| 082 | _aLECT 001.64 STE | ||
| 100 | _aSTEPHEN, M. | ||
| 245 | _aTeach Yourself: Excel 2002 | ||
| 260 |
_aChicago, _bMcGraw-Hill, _c2003. |
||
| 300 |
_aviii, 215p.; ill.; figure. _bIndex _c20cm. |
||
| 942 |
_2ddc _cBKS |
||
| 999 |
_c1905 _d1905 |
||